|
|
|
|
| LEADER |
00000cam a2200000 a 4500 |
| 001 |
vtls009524155 |
| 003 |
SK-MaSNL |
| 005 |
20260301171319.0 |
| 008 |
240313s2008 xo f 000 0 slo |
| 015 |
|
|
|a SNBA2009/08-04076
|
| 020 |
|
|
|a 9788080860981
|q (brož.)
|
| 035 |
|
|
|a AA255C96-217E-4810-8026-A58589882E2C
|
| 035 |
|
|
|a urn:nbn:sk:snk-amk0u6
|
| 035 |
|
|
|a urn:nbn:sk:snk-am0088gg
|
| 040 |
|
|
|a SNK
|b slo
|c SNK
|e AACR2
|
| 041 |
0 |
|
|a slo
|
| 044 |
|
|
|a xo
|c SK
|
| 072 |
|
7 |
|a 336.7
|x Financie
|2 konspekt
|
| 080 |
|
|
|a 336.71/73
|2 2001
|
| 080 |
|
|
|a 336.71
|2 2001
|
| 080 |
|
|
|a (100)
|2 2001
|
| 080 |
|
|
|a (091)
|2 2001
|
| 080 |
|
|
|a (072)
|2 2001
|
| 100 |
1 |
|
|a Mirdala, Rajmund
|4 aut
|9 323206
|
| 245 |
1 |
0 |
|a Kapitoly zo svetových dejín peňazí, peňažníctva a bankovníctva
|c Rajmund Mirdala
|
| 250 |
|
|
|a 1. vyd.
|
| 260 |
|
|
|a Košice
|b Elfa
|c 2008
|
| 300 |
|
|
|a 331 s.
|c 24 cm
|
| 366 |
|
|
|e 150 výt.
|
| 504 |
|
|
|a Bibliogr. s. 327-331
|
| 650 |
0 |
7 |
|a peňažníctvo
|x dejiny
|2 SNKPH
|9 538799
|
| 650 |
0 |
7 |
|a dejiny bankovníctva
|2 SNKPH
|9 119128
|
| 650 |
0 |
7 |
|a Banking industry
|x History
|2 SNKPH
|9 538800
|
| 650 |
0 |
7 |
|a Banking
|x History
|2 SNKPH
|9 538801
|
| 655 |
|
7 |
|a učebné pomôcky
|2 SNKPH
|9 70567
|
| 655 |
|
7 |
|a Teaching aids
|2 SNKPH
|9 315691
|
| 919 |
|
|
|a 978-80-8086-098-1
|
| 958 |
|
|
|a NB
|
| 958 |
|
|
|a OND
|
| 968 |
|
|
|d 33
|
| 999 |
|
|
|c 830461
|d 832391
|
| 952 |
|
|
|a SNK
|b SNK
|y PREZ
|7 0
|p 17A0623524
|o snkSC 135990
|i snk2009/10477
|8 0
|0 0
|1 0
|4 0
|d 2009-06-10
|l 0
|r 2025-07-02 00:00:00
|w 2026-02-24
|
| 952 |
|
|
|a SNK
|b SNK
|y VYP
|7 0
|p 17A0623523
|o snkSC 135990 D1
|i snk2009/10479
|8 0
|0 0
|1 0
|4 0
|d 2009-06-10
|f 1
|l 0
|r 2026-02-24 03:36:12
|w 2026-02-24
|